Anales de la Escuela Nacional de Ciencias Biológicas. (Registro nro. 19467)

Detalles MARC
000 -CABECERA
Campo de control 00806nas a2200229 a 4500
005 - FECHA Y HORA DE LA ULTIMA TRANSACCION
Campo de control 20170420112707.0
008 - ELEMENTOS DE LONGITUD FIJA—INFORMACION GENERAL
Campo de control 920518c19569999mx qr p r f0 0b0spa d
040 ## - FUENTE DE CATALOGACIÓN
Agencia catalogadora original hm
Agencia transcriptora hm
Agencia Modificadora CO-BoIAVH
041 0# - IDIOMA
Código de idioma para texto/pista de sonido o título separado Español
044 ## - PAÍS DE PUBLICACIÓN
País de publicación México
090 ## - CLASIFICACIÓN LOCAL
Colección SE-
245 00 - MENCION DE TITULO
Título Anales de la Escuela Nacional de Ciencias Biológicas.
260 ## - PUBLICACION, DISTRIBUCION, ETC. (PIE DE IMPRENTA)
Lugar de publicación, distribución, etc. México :
Nombre del editor, distribuidor, etc. Instituto Politécnico Nacional, Escuela Nacional de Ciencias Biológicas,
Fecha de publicación, distribución, etc. 1956- .
300 ## - DESCRIPCION FISICA
Otros detalles físicos ilustraciones ;
Dimensiones 27 x 20 cm.
310 ## - FRECUENCIA ACTUAL DE LA PUBLICACIÓN
Frecuencia actual de la publicación Desconocido
321 ## - FRECUENCIA ANTERIOR DELA PUBLICACIÓN
Frecuencia anterior de la publicación Desconocido
504 ## - NOTA DE BIBLIOGRAFIA, ETC.
Nota de bibliografía Incluye referencias bibliográficas.
650 26 - ASIENTO SECUNDARIO DE MATERIA - TERMINO TEMATICO
Término temático o nombre geográfico como elemento de entrada Biología
Subdivisión geográfica México
Subdivisión de forma Publicaciones periódicas
9 (RLIN) 81041
651 ## - ASIENTO SECUNDARIO DE MATERIA - NOMBRE GEOGRAFICO
Nombre geográfico México
Subdivisión de forma Publicaciones periódicas
9 (RLIN) 81042
710 2# - ASIENTO SECUNDARIO - NOMBRE CORPORATIVO
Nombre corporativo o de jurisdicción como elemento de entrada Instituto Politécnico Nacional
Unidad subordinada Escuela Nacional de Ciencias Biológicas
9 (RLIN) 81043
942 ## - ELEMENTOS ADICIONALES (KOHA)
Sistema de clasificación Local
Tipo de ítem Periodica o revista
Serial record 1
Existencias
Withdrawn status Lost status Sistema de Clasificación Damaged status No para préstamo Colección Fecha publicación (Año) Volumen revista Número revista Inventariado Ubicación Permanente Ubicación actual Fecha de adquisición Datos de publicación Seriada Total Checkouts Número topográfico Inventario / Código de Barras Date last seen Ejemplar Price effective from Forma de adquisición Tipo de material
    Local     Hemeroteca 1991 36 1 - 4 Inventariado 2017 Bogotá Bogotá 20/04/2017 Vol 36, Nros 1 - 4   SE 005842 20/04/2017 Ej. 1 20/04/2017 Donación Periodica o revista
    Local     Hemeroteca 1993 38 1 - 4 Inventariado 2017 Bogotá Bogotá 20/04/2017 Vol 38, Nros 1 - 4   SE 005844 20/04/2017 Ej. 1 20/04/2017 Donación Periodica o revista
    Local     Hemeroteca 1992 37 1 - 4 Inventariado 2017 Bogotá Bogotá 20/04/2017 Vol 37, Nros 1 - 4   SE 005843 20/04/2017 Ej. 1 20/04/2017 Donación Periodica o revista
    Local     Hemeroteca 1994 39 1 - 4 Inventariado 2017 Bogotá Bogotá 20/04/2017 Vol 39, Nros 1 - 4   SE 005845 20/04/2017 Ej. 1 20/04/2017 Donación Periodica o revista
    Local     Hemeroteca 1991 35 1 Inventariado 2017 Bogotá Bogotá 20/04/2017 Vol 35, Nros 1 - 4   SE 005841 20/04/2017 Ej. 1 20/04/2017 Donación Periodica o revista